000 00341 a2200169 4500
001 188388
020 _a978-85-08-11894-6
040 _cMagnum
100 _aJaf, Ivan
240 1 0 _aA moreninha 2
_lpor
245 1 0 _aA moreninha 2
300 _a87
362 0 _a2008
440 1 _aÁtica
697 _aLITERATURA JUVENIL
942 _cBK
999 _c188388
_d188388